00879nam a2200229 u 4500999001500000001001900015003000400034005001700038008004100055020001800096040002000114100002400134245008900158260007100247300001800318490002500336650007000361650002300431650005800454942001300512952012400525 c7941d7941991061179176706706OSt20240925112253.0 s2021 xx r 000 0 cat d a9788410255098 aCDMRbcatcCDMR1 aGiró, Xavier9415 aContra la neutralitat b: un periodisme de pau i de lluita c/ Xavier Giró Martí aSant Cugat del Vallès : bPol·len Edicions : bCrític, c2024 a327 pàgines aL'Observatori v; 42 093820aConflictes socials en els mitjans de comunicació de massa 093195aDrets humans 094748aGuerra en els mitjans de comunicació de massa 2udccMON 00104070aCDMRbCDMRd2024-09-25eDonacióg20.00l2oCk 2/19pCDMR24090010r2025-01-07s2024-12-02w2024-09-25yMON